[Event "PRO League Atlantic 2017"]
[Site "chess.com INT"]
[Date "2017.01.11"]
[Round "1"]
[White "Aguilar, Andres"]
[Black "Feng, Maggie"]
[Result "1-0"]
[BlackTitle "WCM"]
[WhiteElo "2291"]
[BlackElo "2164"]
[WhiteTeam "Patagonia Penguins"]
[BlackTeam "Columbus Cardinals"]
[WhiteFideId "113514"]
[BlackFideId "2078090"]
[EventDate "2017.01.11"]

1. c4 e5 2. Nc3 Nc6 3. Nf3 Bb4 4. g3 Bxc3 5. dxc3 d6 6. Bg2 Nge7 7. O-O O-O 8.
e4 f5 9. exf5 Bxf5 10. h3 Kh8 11. Kh2 Qd7 12. Qe2 Rae8 13. Nh4 Be6 14. Be3 Ng8
15. Rad1 Qf7 16. b3 Nf6 17. Bg5 a5 18. a4 Qh5 19. Qxh5 Nxh5 20. Kg1 Nf6 21. Rfe1
Nd7 22. Be3 Nd8 23. Kh2 b6 24. Nf3 Nc5 25. Rb1 Bf5 26. Bxc5 Bxb1 27. Rxb1 bxc5
28. Kg1 Ne6 29. Nd2 Rb8 30. Bd5 Ng5 31. Kg2 h6 32. Re1 Nh7 33. Kg1 Nf6 34. Bg2
Rfe8 35. Bc6 Rf8 36. Bg2 Rb6 37. Kf1 Re8 38. Ke2 c6 39. Kd1 d5 40. Kc2 e4 41.
cxd5 cxd5 42. c4 d4 43. Nxe4 d3+ 44. Kxd3 Nxe4 45. Bxe4 Rxb3+ 46. Kc2 Reb8 47.
f3 R3b4 48. Bd3 Rxa4 49. Re5 Ra2+ 50. Kc3 a4 51. Rxc5 Rb3+ 52. Kd4 Rd2 53. Rc8# 1-0

[Event "PRO League Atlantic 2017"]
[Site "chess.com INT"]
[Date "2017.01.11"]
[Round "1"]
[White "Aguilar, Andres"]
[Black "Brattain, Mika A"]
[Result "1/2-1/2"]
[WhiteElo "2291"]
[BlackElo "2376"]
[WhiteTeam "Patagonia Penguins"]
[BlackTeam "Columbus Cardinals"]
[WhiteFideId "113514"]
[BlackFideId "2071142"]
[EventDate "2017.01.11"]

1. c4 g6 2. Nc3 Bg7 3. g3 Nf6 4. Bg2 O-O 5. Nf3 b6 6. O-O Bb7 7. Re1 Ne4 8. Nxe4
Bxe4 9. d3 Bb7 10. e4 c5 11. d4 cxd4 12. Nxd4 Nc6 13. Be3 Rc8 14. Rc1 d6 15. b3
Qc7 16. Nb5 Qb8 17. Qd2 Rfd8 18. h3 a6 19. Nc3 b5 20. cxb5 axb5 21. Nxb5 Ba6 22.
Nd4 Ne5 23. Rxc8 Rxc8 24. Rc1 Rxc1+ 25. Qxc1 Bb7 26. Qc2 h5 27. a4 Bf6 28. b4
Qa8 29. b5 h4 30. g4 g5 31. Nf5 Ng6 32. Qc7 Bxe4 33. Bxe4 Qxe4 34. Qc6 Qxa4 35.
Qe8+ Nf8 36. Nh6+ Kg7 37. Nf5+ Kg8 38. Nxe7+ Bxe7 39. Qxe7 Qxb5 40. Bxg5 Qd3 41.
Bxh4 Qxh3 42. Qg5+ Ng6 43. Bg3 d5 44. Qd8+ Kg7 45. Qxd5 Qxg4 46. Kf1 Qh3+ 47.
Kg1 Qg4 48. Kf1 Qe6 49. Qd4+ Qf6 50. Qxf6+ Kxf6 51. Kg2 Kf5 52. Kf3 Ne7 53. Ke3
Nd5+ 54. Kf3 Nf6 55. Bh4 Ne4 56. Be7 Nd2+ 57. Ke2 Nc4 58. Bd8 Ke4 59. f3+ Kd5
60. Bc7 Kc6 61. Bf4 Nb6 62. Kd3 Kd5 63. Bg5 Nd7 64. Ke2 Ke5 65. Kf2 Kf5 66. Bd2
Ne5 67. Kg3 Nd3 68. Bc3 Nf4 69. Kf2 Nh3+ 70. Ke3 Ng5 71. Be1 Ne6 72. Bg3 f6 73.
Bh4 Ng7 74. Bxf6 Kxf6 75. f4 Kf5 76. Kd2 Nh5 77. Kc2 Nxf4 1/2-1/2

[Event "PRO League Atlantic 2017"]
[Site "chess.com INT"]
[Date "2017.01.11"]
[Round "1"]
[White "Perdomo, Carlos Andres"]
[Black "Lugo, Blas"]
[Result "1-0"]
[WhiteTitle "IM"]
[BlackTitle "IM"]
[WhiteElo "2299"]
[BlackElo "2399"]
[WhiteTeam "Atlanta Kings"]
[BlackTeam "Miami Champions"]
[WhiteFideId "4400852"]
[BlackFideId "2011263"]
[EventDate "2017.01.11"]

1. Nf3 d5 2. d4 Nf6 3. c4 c6 4. e3 e6 5. Nc3 Nbd7 6. Bd3 dxc4 7. Bxc4 b5 8. Bd3
a6 9. a4 b4 10. Ne4 c5 11. Qc2 Bb7 12. O-O Rc8 13. Nxf6+ Nxf6 14. Qe2 Qa5 15.
dxc5 Bxc5 16. e4 Qb6 17. Bg5 h6 18. Bh4 Nh5 19. a5 Qc6 20. Ne5 Nf4 21. Qf3 Qd6
22. Qxf4 f6 23. Ng6 Qxf4 24. Nxf4 g5 25. Nxe6 gxh4 26. Nxc5 Rxc5 27. Rfc1 Rxc1+
28. Rxc1 Kd7 29. Rc4 Rc8 30. Rxc8 Bxc8 31. f4 Kd6 32. Kf2 Kc5 33. Ke3 b3 34. e5
fxe5 35. fxe5 Kb4 36. Kd4 Kxa5 37. Kc5 h3 38. g3 Bg4 39. Bf1 Bf5 40. Be2 Be6 41.
Kd6 Bf5 42. g4 Bc8 43. e6 Bxe6 44. Kxe6 Kb6 45. Bc4 a5 46. Bxb3 1-0

[Event "PRO League Atlantic 2017"]
[Site "chess.com INT"]
[Date "2017.01.11"]
[Round "1"]
[White "Feng, Maggie"]
[Black "Randazzo, Adrian"]
[Result "0-1"]
[WhiteTitle "WCM"]
[BlackTitle "FM"]
[WhiteElo "2164"]
[BlackElo "2234"]
[WhiteTeam "Columbus Cardinals"]
[BlackTeam "Patagonia Penguins"]
[WhiteFideId "2078090"]
[BlackFideId "114251"]
[EventDate "2017.01.11"]

1. Nf3 g6 2. g3 Bg7 3. d4 c5 4. c3 b6 5. Bg2 Bb7 6. O-O Nf6 7. Re1 O-O 8. Nbd2
cxd4 9. cxd4 d5 10. Ne5 Nbd7 11. Ndf3 Nxe5 12. Nxe5 Ne4 13. Bf4 Rc8 14. Qa4 f6
15. Nf3 Bc6 16. Qb3 Qd7 17. Rac1 Kh8 18. Qa3 Rfe8 19. Rc2 e5 20. Be3 Nd6 21. b3
e4 22. Nd2 Nf5 23. Bh3 Nxe3 24. Bxd7 Nxc2 25. Qb2 Bxd7 26. Rc1 Nb4 27. a3 Rxc1+
28. Qxc1 Rc8 29. Qd1 Na2 30. Nf1 Rc1 31. Qd2 Bh3 32. Qxa2 Rxf1# 0-1

[Event "PRO League Atlantic 2017"]
[Site "chess.com INT"]
[Date "2017.01.11"]
[Round "1"]
[White "Feng, Maggie"]
[Black "Pacheco, Daniel"]
[Result "0-1"]
[WhiteTitle "WCM"]
[BlackTitle "FM"]
[WhiteElo "2164"]
[BlackElo "2279"]
[WhiteTeam "Columbus Cardinals"]
[BlackTeam "Patagonia Penguins"]
[WhiteFideId "2078090"]
[BlackFideId "101680"]
[EventDate "2017.01.11"]

1. Nf3 e6 2. g3 f5 3. Bg2 Nf6 4. O-O d5 5. d4 Bd6 6. c4 c6 7. b3 Qe7 8. a4 a5 9.
Ba3 Bxa3 10. Nxa3 O-O 11. Ne5 Nbd7 12. Nc2 Nxe5 13. dxe5 Ng4 14. f4 Qc5+ 15. Qd4
Qxd4+ 16. Nxd4 Ne3 17. Rfc1 Nxg2 18. Kxg2 c5 19. Nb5 d4 20. Kf2 Bd7 21. Nd6 Bc6
22. Ke1 h6 23. h4 g5 24. hxg5 hxg5 25. Kd2 Kg7 26. Rg1 g4 27. Kd3 Rh8 28. Raf1
Rh2 29. Re1 Rah8 30. Ref1 R8h3 31. Re1 Rf2 32. Kd2 Bg2 33. Ne8+ Kf8 34. Nf6 Ke7
35. Rb1 Rxg3 36. Ke1 Rxf4 37. Nh5 Re3 38. Nxf4 Be4 39. Rb2 Bc6 40. Kf2 Rxe5 41.
Ng6+ Kd6 42. Nxe5 Kxe5 43. Rd2 Kf4 44. Rg3 e5 45. e3+ Kg5 46. exd4 cxd4 47. Rg1
f4 48. Rb2 e4 49. b4 axb4 50. Rxb4 d3 51. c5 e3+ 52. Ke1 Bf3 53. Rd4 Be2 54. Rg2
Bf3 55. Rg1 d2+ 56. Rxd2 exd2+ 57. Kxd2 Bc6 58. a5 g3 59. Ke2 Kg4 60. Ra1 Bb5+
61. Kd2 g2 62. Rb1 Ba6 63. Rg1 f3 64. Ke3 Kg3 65. Rc1 Bf1 66. c6 bxc6 67. Ke4
g1=Q 68. Rxc6 Bh3 69. Rg6+ Bg4 70. a6 Qb1+ 71. Ke5 Qxg6 72. Kd4 Qxa6 73. Ke5 f2
74. Kd4 f1=Q 75. Ke5 Qf5+ 76. Kd4 Qad3# 0-1

[Event "PRO League Atlantic 2017"]
[Site "chess.com INT"]
[Date "2017.01.11"]
[Round "1"]
[White "Li, Chao b"]
[Black "Paragua, Mark"]
[Result "1-0"]
[WhiteTitle "GM"]
[BlackTitle "GM"]
[WhiteElo "2720"]
[BlackElo "2492"]
[WhiteTeam "Montreal ChessBrahs"]
[BlackTeam "New York Knights"]
[WhiteFideId "8604436"]
[BlackFideId "5201241"]
[EventDate "2017.01.11"]

1. d4 Nf6 2. Nf3 g6 3. Bf4 Bg7 4. e3 O-O 5. h3 d5 6. Nbd2 c5 7. c3 Qb6 8. Qb3
Nc6 9. Qxb6 axb6 10. Bc7 Nd7 11. Bb5 Re8 12. O-O e6 13. a4 Bf6 14. Rfb1 Bd8 15.
Bg3 Nf6 16. Bd6 Be7 17. Bc7 Bd8 18. Bxd8 Rxd8 19. Bxc6 bxc6 20. dxc5 bxc5 21.
Ne5 Rd6 22. b4 cxb4 23. cxb4 Nd7 24. f4 f6 25. Nxd7 Rxd7 26. Nf3 Rda7 27. a5 Rb8
28. Kf2 Kf7 29. g4 h6 30. h4 Rab7 31. g5 c5 32. gxh6 Rxb4 33. Rxb4 cxb4 34. h5
b3 35. Rg1 g5 36. fxg5 fxg5 37. Nxg5+ Kf6 38. h7 Ba6 39. Nf3 Rh8 40. Rg6+ Ke7
41. Ng5 1-0

[Event "PRO League Atlantic 2017"]
[Site "chess.com INT"]
[Date "2017.01.11"]
[Round "1"]
[White "Katz, Alexander R"]
[Black "Villanueva, Mario"]
[Result "0-1"]
[WhiteTitle "IM"]
[BlackTitle "IM"]
[WhiteElo "2335"]
[BlackElo "2425"]
[WhiteTeam "New Jersey Knockouts"]
[BlackTeam "Buenos Aires Krakens"]
[WhiteFideId "2039796"]
[BlackFideId "113433"]
[EventDate "2017.01.11"]

1. e4 e5 2. Nf3 Nf6 3. Nxe5 d6 4. Nf3 Nxe4 5. d4 d5 6. Bd3 Be7 7. O-O Nc6 8. Nc3
Bf5 9. Ne2 O-O 10. c3 Re8 11. Bf4 Bd6 12. Bxd6 Nxd6 13. Ng3 Bxd3 14. Qxd3 Qd7
15. Rfe1 f6 16. Kf1 Rxe1+ 17. Rxe1 Re8 18. Rxe8+ Qxe8 19. Nd2 Ne7 20. Qe2 Qd7
21. Nb3 b6 22. Nc1 Nef5 23. Nxf5 Qxf5 24. Nd3 Kf7 25. f3 a5 26. Kf2 g5 27. Ke1
h5 28. Kd1 h4 29. b3 Qe6 30. a4 Qd7 31. Kc2 Nf5 32. Nf2 Qe6 33. Qxe6+ Kxe6 34.
Kd3 Ng7 35. Ng4 Nh5 36. Ne3 c5 37. Kd2 Nf4 38. Kc2 cxd4 39. cxd4 h3 40. g3 Ne2
41. Kd3 Nxg3 42. Kd2 Nf5 43. Nc2 Nh4 44. Ke3 f5 45. Kf2 f4 46. Ke2 Nf5 47. Kf2
Ne7 48. Ke2 Nc6 49. Kf2 Kf5 50. Ke2 Nd8 51. Kf2 Ne6 52. Ke2 g4 53. fxg4+ Kxg4
54. Kf2 Ng5 55. Ne1 Kf5 56. Nd3 Ne4+ 57. Ke2 Ng5 58. Ne5 Ke4 59. Nd7 Nf3 60.
Nxb6 Nxh2 61. Kf2 Ng4+ 62. Kg1 f3 63. Nd7 f2+ 64. Kf1 Kf3 65. Nc5 Ne3# 0-1

[Event "PRO League Atlantic 2017"]
[Site "chess.com INT"]
[Date "2017.01.11"]
[Round "1"]
[White "Katz, Alexander R"]
[Black "Mareco, Sandro"]
[Result "1/2-1/2"]
[WhiteTitle "IM"]
[BlackTitle "GM"]
[WhiteElo "2335"]
[BlackElo "2645"]
[WhiteTeam "New Jersey Knockouts"]
[BlackTeam "Buenos Aires Krakens"]
[WhiteFideId "2039796"]
[BlackFideId "112275"]
[EventDate "2017.01.11"]

1. e4 c5 2. Nc3 d6 3. g3 Nf6 4. Bg2 g6 5. d3 Bg7 6. Be3 O-O 7. h3 Nc6 8. Qd2 Rb8
9. Nge2 b5 10. O-O b4 11. Nd1 a5 12. f4 Bb7 13. g4 Nd7 14. f5 Nde5 15. Bh6 Nd4
16. Bxg7 Kxg7 17. Ne3 g5 18. f6+ exf6 19. Ng3 Nd7 20. Nd5 Kh8 21. Nh5 Bxd5 22.
exd5 Re8 23. Rae1 Rxe1 24. Rxe1 a4 25. c3 bxc3 26. bxc3 Nb5 27. Be4 Qa5 28. Rc1
a3 29. Qf2 Qd8 30. Qf5 Nf8 31. Nxf6 Ng6 32. Nxh7 Qe7 33. Nxg5 Kg7 34. Rf1 Nxc3
35. Qxf7+ Qxf7 36. Rxf7+ Kh6 37. Nf3 Nxe4 38. dxe4 Ne5 39. Nxe5 dxe5 40. d6 Rd8
41. Ra7 Rxd6 42. Rxa3 Kg5 43. Rf3 Kh4 44. a4 Rd4 45. Ra3 Rxe4 46. a5 Rb4 47. a6
Rb8 48. Kf2 c4 49. Ke3 Kxh3 50. Ke4+ Kxg4 51. Kxe5 Ra8 52. Kd4 Kf5 53. Kxc4 Ke6
54. Kc5 Kd7 55. Kb6 Rb8+ 56. Ka7 Rb1 57. Rc3 Kd8 58. Rc2 Kd7 59. Rh2 Kc7 60.
Rh7+ Kc6 61. Rb7 Ra1 62. Rb2 Kc7 63. Rc2+ Kd7 64. Rc3 Ra2 65. Rc4 Ra1 66. Rc2
Ra3 67. Kb6 Rb3+ 68. Ka5 Ra3+ 69. Kb5 Ra1 70. Kb6 Rb1+ 71. Ka7 Ra1 72. Rc3 Ra2
73. Rc4 Ra1 74. Kb6 Rb1+ 75. Ka7 Ra1 76. Rc5 Kd6 77. Rc8 Kd7 78. Rg8 Kc7 79.
Rg7+ Kc6 80. Rg6+ Kc7 81. Rh6 Ra2 82. Rh7+ Kc6 83. Rh6+ Kc7 84. Rh7+ Kc6 85. Rh1
Kc7 86. Rc1+ Kd7 87. Rc4 Ra1 88. Kb6 Rb1+ 89. Ka5 Ra1+ 90. Kb5 Rb1+ 91. Ka5 Ra1+
92. Kb6 Rb1+ 93. Ka7 Ra1 1/2-1/2

[Event "PRO League Atlantic 2017"]
[Site "chess.com INT"]
[Date "2017.01.11"]
[Round "1"]
[White "Shen, Christopher Y"]
[Black "Aguilar, Andres"]
[Result "1/2-1/2"]
[WhiteTitle "CM"]
[WhiteElo "2165"]
[BlackElo "2291"]
[WhiteTeam "Columbus Cardinals"]
[BlackTeam "Patagonia Penguins"]
[WhiteFideId "2090635"]
[BlackFideId "113514"]
[EventDate "2017.01.11"]

1. c4 g6 2. g3 Bg7 3. Bg2 c5 4. Nc3 Nc6 5. e3 e5 6. Nge2 Nge7 7. d3 O-O 8. O-O
d6 9. a3 a5 10. Rb1 Be6 11. Nd5 Rb8 12. Nec3 h6 13. Qa4 Bd7 14. Qc2 Nxd5 15.
Nxd5 b5 16. cxb5 Rxb5 17. Bd2 Rb8 18. b4 axb4 19. axb4 Nxb4 20. Nxb4 cxb4 21.
Rxb4 Rxb4 22. Bxb4 Qb6 23. Rb1 Rc8 24. Qa2 Be6 25. Qb2 d5 26. Bd2 1/2-1/2

[Event "PRO League Atlantic 2017"]
[Site "chess.com INT"]
[Date "2017.01.11"]
[Round "1"]
[White "Shen, Christopher Y"]
[Black "Arias, Juan Cruz"]
[Result "1-0"]
[WhiteTitle "CM"]
[WhiteElo "2165"]
[BlackElo "2202"]
[WhiteTeam "Columbus Cardinals"]
[BlackTeam "Patagonia Penguins"]
[WhiteFideId "2090635"]
[BlackFideId "118540"]
[EventDate "2017.01.11"]

1. c4 e5 2. g3 Nc6 3. Bg2 g6 4. Nc3 Bg7 5. e3 d6 6. Nge2 Nge7 7. d3 O-O 8. Rb1
a5 9. O-O Be6 10. Nd5 Qd7 11. Nec3 Nd8 12. a3 Nc8 13. Ne4 f6 14. b4 c6 15. Ndc3
axb4 16. axb4 h6 17. b5 f5 18. Nd2 d5 19. cxd5 cxd5 20. Nb3 b6 21. Bb2 Ne7 22.
f4 e4 23. Nd4 Bf7 24. Nce2 Nb7 25. dxe4 fxe4 26. h3 Nc5 27. g4 Nd3 28. Bc3 Rac8
29. Qd2 Kh7 30. f5 gxf5 31. gxf5 Ng8 32. Nf4 Nxf4 33. Rxf4 Nf6 34. Rbf1 Rg8 35.
Nc6 Qe8 36. Bd4 Bh8 37. Qb2 Nh5 38. Rg4 Ng3 39. Bxh8 Rxg4 40. hxg4 Qxh8 41.
Qxh8+ Kxh8 42. Re1 Rg8 43. Ne5 Be8 44. Kf2 Bxb5 45. Kxg3 h5 46. Rh1 1-0

[Event "PRO League Atlantic 2017"]
[Site "chess.com INT"]
[Date "2017.01.11"]
[Round "1"]
[White "Smith, Daniel S"]
[Black "Sambuev, Bator"]
[Result "0-1"]
[BlackTitle "GM"]
[WhiteElo "2070"]
[BlackElo "2539"]
[WhiteTeam "Montclair Sopranos"]
[BlackTeam "Toronto Dragons"]
[WhiteFideId "2024195"]
[BlackFideId "4128290"]
[EventDate "2017.01.11"]

1. e4 e6 2. d4 d5 3. Nc3 Bb4 4. e5 c5 5. a3 Ba5 6. b4 cxd4 7. Nb5 Bc7 8. f4 Ne7
9. Nf3 Bd7 10. Bb2 Bxb5 11. Bxb5+ Nd7 12. Nxd4 a5 13. Qg4 axb4 14. axb4 Rxa1+
15. Bxa1 g6 16. Nxe6 fxe6 17. Qxe6 Rf8 18. O-O Bb6+ 19. Kh1 Be3 20. g3 Qc7 21.
Rd1 Kd8 22. c4 Nb6 23. cxd5 Qc2 24. Qg4 Qe4+ 25. Qf3 Qxf3# 0-1

[Event "PRO League Atlantic 2017"]
[Site "chess.com INT"]
[Date "2017.01.11"]
[Round "1"]
[White "Cremisi, Daniel Josef"]
[Black "Zaremba, Andrie"]
[Result "1-0"]
[BlackTitle "FM"]
[WhiteElo "2148"]
[BlackElo "2348"]
[WhiteTeam "Carolina Cobras"]
[BlackTeam "Philadelphia Inventors"]
[WhiteFideId "2089882"]
[BlackFideId "2014513"]
[EventDate "2017.01.11"]

1. d4 d5 2. c4 c6 3. Nc3 Nf6 4. e3 e6 5. Nf3 Nbd7 6. Qc2 Be7 7. Bd3 dxc4 8. Bxc4
c5 9. O-O cxd4 10. exd4 Nb6 11. Bd3 O-O 12. Bg5 h6 13. Be3 Nbd5 14. a3 Bd7 15.
Ne5 Rc8 16. Qd2 Nxe3 17. fxe3 Bc6 18. Bc2 Bd6 19. Nxc6 Rxc6 20. Qd3 g6 21. Rf3
Nd5 22. Raf1 Nxc3 23. bxc3 Qh4 24. g3 Qg5 25. Kh1 h5 26. e4 Bxa3 27. e5 Rc7 28.
h4 Qh6 29. c4 Bb4 30. d5 exd5 31. Qxd5 Re7 32. Rf6 Kh8 33. Bxg6 Re6 34. Bb1 Rxf6
35. exf6 Rg8 36. Rf5 Qc1+ 37. Kh2 Qb2+ 38. Kh3 Rxg3+ 39. Kxg3 Be1+ 40. Kh3 Qb3+
41. Bd3 Qb6 42. Rxh5+ Kg8 43. Qg5+ 1-0

[Event "PRO League Atlantic 2017"]
[Site "chess.com INT"]
[Date "2017.01.11"]
[Round "1"]
[White "Cremisi, Daniel Josef"]
[Black "Vovk, Andriy"]
[Result "0-1"]
[BlackTitle "GM"]
[WhiteElo "2148"]
[BlackElo "2633"]
[WhiteTeam "Carolina Cobras"]
[BlackTeam "Philadelphia Inventors"]
[WhiteFideId "2089882"]
[BlackFideId "14114470"]
[EventDate "2017.01.11"]

1. d4 Nf6 2. c4 g6 3. Nc3 Bg7 4. e4 d6 5. Nf3 O-O 6. Be2 Nbd7 7. O-O e5 8. d5
Nc5 9. Qc2 a5 10. Be3 Ng4 11. Bd2 f5 12. a3 a4 13. Rad1 fxe4 14. Ng5 e3 15. Bxg4
Bxg4 16. Bxe3 Bxd1 17. Qxd1 b6 18. h4 h6 19. Ne6 Nxe6 20. dxe6 Qxh4 21. Nd5 Qxc4
22. Qd2 Ra5 23. Rd1 Rxd5 24. Qxd5 Qxd5 25. Rxd5 Ra8 26. f4 exf4 27. Bxf4 Kf8 28.
Rd2 g5 29. Bg3 Ke7 30. Re2 Ra5 31. Rc2 Rc5 32. Rf2 Kxe6 33. Re2+ Be5 34. Be1 Kd5 0-1

[Event "PRO League Atlantic 2017"]
[Site "chess.com INT"]
[Date "2017.01.11"]
[Round "1"]
[White "Gorman, Dov"]
[Black "Wang, Tianqi"]
[Result "1-0"]
[WhiteTitle "FM"]
[WhiteElo "2253"]
[BlackElo "2199"]
[WhiteTeam "Philadelphia Inventors"]
[BlackTeam "Carolina Cobras"]
[WhiteFideId "2001233"]
[BlackFideId "2063824"]
[EventDate "2017.01.11"]

1. d4 Nf6 2. Nf3 e6 3. Bg5 d6 4. e4 h6 5. Bxf6 Qxf6 6. Nc3 Nd7 7. Qd2 a6 8.
O-O-O Be7 9. Bd3 c5 10. e5 dxe5 11. Ne4 Qf4 12. dxe5 Qxd2+ 13. Rxd2 b5 14. Nd6+
Bxd6 15. Be4 Rb8 16. Rxd6 Rb6 17. Bc6 Ke7 18. Rhd1 Nb8 19. Be4 Rxd6 20. exd6+
Kf6 21. Ba8 Rd8 22. Nd2 Ke5 23. Ne4 f5 24. Nxc5 Rxd6 25. f4+ 1-0

[Event "PRO League Atlantic 2017"]
[Site "chess.com INT"]
[Date "2017.01.11"]
[Round "1"]
[White "Real De Azua, Ernesto"]
[Black "Katz, Alexander R"]
[Result "1/2-1/2"]
[WhiteTitle "IM"]
[BlackTitle "IM"]
[WhiteElo "2478"]
[BlackElo "2335"]
[WhiteTeam "Buenos Aires Krakens"]
[BlackTeam "New Jersey Knockouts"]
[WhiteFideId "108154"]
[BlackFideId "2039796"]
[EventDate "2017.01.11"]

1. d4 Nf6 2. c4 e6 3. Nc3 Bb4 4. Nf3 O-O 5. Bg5 h6 6. Bh4 b6 7. e3 Bb7 8. Bd3 c5
9. O-O cxd4 10. exd4 Be7 11. Re1 d6 12. Rc1 Nbd7 13. Nd2 Rc8 14. Bg3 d5 15. Nb5
Ne8 16. Nxa7 Ra8 17. Nb5 Rxa2 18. Qb3 Ra5 19. Ra1 Rxa1 20. Rxa1 Ndf6 21. Ra7
dxc4 22. Bxc4 Bd5 23. h3 Nd6 24. Bxd6 Bxd6 25. Bxd5 Nxd5 26. Ne4 Bb8 27. Ra1 Qh4
28. Re1 Rd8 29. Nbc3 Qf4 30. g3 Qf3 31. Qd1 Qxd1 32. Rxd1 Nb4 33. g4 Kf8 34. Kf1
Ke7 35. Ke2 f5 36. gxf5 exf5 37. Ng3 Kf6 38. Kf3 Nc6 39. Nge2 g5 40. Kg2 Ne7 41.
Ra1 Nc6 42. Ra6 Kg7 43. Rxb6 Ne7 44. d5 Be5 45. Rb7 Kf6 46. Rb6+ Kg7 47. Re6 Bf6
48. d6 Ng6 49. Nd5 Bxb2 50. Re3 Rxd6 51. Ne7 Nxe7 52. Rxe7+ Kf6 53. Rb7 Be5 54.
Ng3 Bxg3 55. fxg3 Rd2+ 56. Kf3 Rd3+ 57. Kg2 Re3 58. Rb6+ Re6 59. Rb7 h5 60. h4
gxh4 61. gxh4 Re4 62. Kg3 Rg4+ 63. Kh3 Ra4 64. Kg3 Ke5 65. Re7+ Kd5 66. Re8 Rg4+
67. Kh3 Re4 68. Rh8 Ke5 69. Rxh5 Kf4 70. Kg2 Re2+ 71. Kf1 Rh2 72. Rg5 Rxh4 73.
Rg2 Rh3 74. Ra2 Rb3 75. Rc2 Kg4 76. Kg1 f4 77. Ra2 Kf3 78. Rf2+ Ke3 79. Ra2 f3
80. Kh2 Rd3 81. Kg3 Rb3 82. Rf2 Ke4 83. Rf1 Rc3 84. Rf2 Rb3 85. Rf1 Rc3 86. Rf2
Ra3 87. Rf1 Rd3 88. Rf2 1/2-1/2

[Event "PRO League Atlantic 2017"]
[Site "chess.com INT"]
[Date "2017.01.11"]
[Round "1"]
[White "Real De Azua, Ernesto"]
[Black "Benjamin, Joel"]
[Result "0-1"]
[WhiteTitle "IM"]
[BlackTitle "GM"]
[WhiteElo "2478"]
[BlackElo "2544"]
[WhiteTeam "Buenos Aires Krakens"]
[BlackTeam "New Jersey Knockouts"]
[WhiteFideId "108154"]
[BlackFideId "2000091"]
[EventDate "2017.01.11"]

1. d4 Nf6 2. c4 e6 3. g3 Bb4+ 4. Bd2 Qe7 5. Bg2 Nc6 6. Nf3 Bxd2+ 7. Nbxd2 d6 8.
O-O O-O 9. e4 e5 10. d5 Nb8 11. Ne1 a5 12. Nd3 Na6 13. a3 Bg4 14. f3 Bd7 15. b4
c6 16. Qb3 cxd5 17. exd5 b5 18. f4 bxc4 19. Nxc4 e4 20. Rfe1 axb4 21. axb4 Bb5
22. Nf2 Qc7 23. Ne3 Rfe8 24. g4 Qb6 25. g5 Nh5 26. Nh3 Bd3 27. Kh1 Qxb4 28. Qd1
g6 29. Nf5 gxf5 30. Qxh5 Nc5 31. Qh4 Rxa1 32. Rxa1 Qb2 33. Rg1 Ra8 34. Qh6 Be2
35. Qxd6 Nd3 36. Qd7 Bg4 37. Bxe4 Ra2 38. Qd8+ Kg7 39. Qf6+ Qxf6 40. gxf6+ Kxf6
41. Bg2 Rd2 42. Rf1 Bxh3 43. Bxh3 Nf2+ 44. Kg2 Ng4+ 45. Kg3 h5 46. Bxg4 fxg4 47.
Ra1 Rd3+ 48. Kg2 Rxd5 49. Ra7 Kg6 50. h3 Rd2+ 51. Kg1 Rd4 52. hxg4 hxg4 53. f5+
Kf6 54. Kg2 Rd3 55. Kf2 Rf3+ 56. Kg2 Rxf5 57. Kg3 Kg5 58. Rb7 Rf3+ 59. Kg2 f5 0-1

[Event "PRO League Atlantic 2017"]
[Site "chess.com INT"]
[Date "2017.01.11"]
[Round "1"]
[White "Guseinov, Gadir"]
[Black "Lugo, Blas"]
[Result "1-0"]
[WhiteTitle "GM"]
[BlackTitle "IM"]
[WhiteElo "2643"]
[BlackElo "2399"]
[WhiteTeam "Atlanta Kings"]
[BlackTeam "Miami Champions"]
[WhiteFideId "13401378"]
[BlackFideId "2011263"]
[EventDate "2017.01.11"]

1. e4 e5 2. Nf3 Nc6 3. Bb5 Bb4 4. O-O Nge7 5. c3 Ba5 6. Na3 a6 7. Bxc6 Nxc6 8.
Nc4 d6 9. d4 exd4 10. Nxd4 Bb6 11. Nxb6 cxb6 12. Nxc6 bxc6 13. Bf4 d5 14. Qd4
O-O 15. exd5 cxd5 16. Rfe1 Be6 17. Re3 Rc8 18. Bh6 f6 19. Bxg7 Rc4 20. Qd2 Kxg7
21. Rxe6 d4 22. Qd3 b5 23. Rae1 Rf7 24. Qg3+ Kh6 25. R6e4 dxc3 26. Rxc4 bxc4 27.
Qxc3 Qd3 28. Qa5 Kg6 29. h3 Qc2 30. Qxa6 Re7 31. Rf1 Re2 32. a4 Qe4 33. Qc8 1-0

[Event "PRO League Atlantic 2017"]
[Site "chess.com INT"]
[Date "2017.01.11"]
[Round "1"]
[White "Zapata, Alonso"]
[Black "Abreu Delgado, Aryam"]
[Result "1-0"]
[WhiteTitle "GM"]
[BlackTitle "GM"]
[WhiteElo "2418"]
[BlackElo "2452"]
[WhiteTeam "Atlanta Kings"]
[BlackTeam "Miami Champions"]
[WhiteFideId "4400011"]
[BlackFideId "3502589"]
[EventDate "2017.01.11"]

1. e4 c5 2. Nf3 d6 3. d4 cxd4 4. Nxd4 Nf6 5. Nc3 a6 6. Bc4 e6 7. O-O b5 8. Bb3
Be7 9. Qf3 Qb6 10. Be3 Qb7 11. Qg3 b4 12. Na4 Nbd7 13. f3 O-O 14. Rfd1 Rb8 15.
Ne2 Qc7 16. Rac1 Ne5 17. c4 bxc3 18. Rxc3 Qa5 19. Qf2 Ned7 20. Nd4 Ne5 21. Nc2
Ned7 22. Qd2 Bb7 23. Bf4 Bxe4 24. Bxd6 Bxd6 25. Qxd6 Bd5 26. Bxd5 Nxd5 27. Ra3
N7f6 28. Nc5 Qb5 29. Rb3 Rbd8 30. Rxb5 Rxd6 31. Ra5 Rc6 32. Nd4 Rb6 33. b3 Nb4
34. a3 Nc6 35. Nxc6 Rxc6 36. b4 Ra8 37. Rxa6 Rcxa6 38. Nxa6 Nd5 39. Rc1 Kf8 40.
b5 Ke7 41. a4 Kd6 42. Rc6+ Ke7 43. Kf2 Kd7 44. Nc5+ Kd8 45. a5 1-0

[Event "PRO League Atlantic 2017"]
[Site "chess.com INT"]
[Date "2017.01.11"]
[Round "1"]
[White "Zapata, Alonso"]
[Black "Kumar, Nikhil"]
[Result "1/2-1/2"]
[WhiteTitle "GM"]
[BlackTitle "FM"]
[WhiteElo "2418"]
[BlackElo "2379"]
[WhiteTeam "Atlanta Kings"]
[BlackTeam "Miami Champions"]
[WhiteFideId "4400011"]
[BlackFideId "30909040"]
[EventDate "2017.01.11"]

1. e4 c6 2. d4 d5 3. exd5 cxd5 4. Bd3 Nc6 5. c3 Nf6 6. h3 g6 7. Ne2 Bg7 8. O-O
O-O 9. Bf4 e5 10. Bxe5 Nxe5 11. dxe5 Nd7 12. f4 Qb6+ 13. Nd4 Nc5 14. Rf2 f6 15.
exf6 Bxf6 16. Na3 Bxd4 17. cxd4 Ne6 18. Nc2 Nxd4 19. Bxg6 Ne6 20. Bxh7+ Kxh7 21.
Qh5+ Kg8 22. Qg6+ Ng7 23. Qxb6 axb6 24. Nb4 Be6 25. g4 Rfd8 26. Rd1 Ne8 27. f5
Bf7 28. g5 Ra4 29. a3 Kg7 30. Re1 Nd6 31. Re7 Kf8 32. f6 Re8 33. Rd7 Nc4 34.
Rxb7 Raa8 35. Nc6 Na5 36. Rxb6 Nxc6 37. Rxc6 Re5 38. Rg2 Bg6 39. Rc7 Re1+ 40.
Kh2 Re3 41. Rg7 Be4 42. Rf2 Ra6 43. Rc7 Rb6 44. Rc8+ Kf7 45. Rc7+ Kf8 46. f7 Rf3
47. Rxf3 Bxf3 48. b4 Bh5 49. Kg3 Ra6 50. Rc3 d4 51. Rd3 Kxf7 52. Kf4 Be2 53.
Rxd4 Rxa3 54. h4 Rf3+ 55. Ke5 Rh3 56. Rf4+ Kg6 57. Kd4 Rh1 58. Kc5 Rc1+ 59. Kb6
Kh5 60. Re4 Bd3 61. Rd4 Be2 62. Ka5 Rc8 63. Kb6 Rc1 64. Re4 Bd3 65. Rf4 Be2 66.
Ka5 Rc8 67. Kb6 Rc1 1/2-1/2